Economic consequences of the size of nations
Kaydedildi:
| Yazar: | |
|---|---|
| Materyal Türü: | Kitap |
| Dil: | Undetermined |
| Baskı/Yayın Bilgisi: |
New York
MacMillan & Co, Ltd.
1963
|
| Konular: | |
| Etiketler: |
Etiketle
Etiket eklenmemiş, İlk siz ekleyin!
|
| Thư viện lưu trữ: | Trung tâm Học liệu Trường Đại học Cần Thơ |
|---|
| LEADER | 00477nam a2200169Ia 4500 | ||
|---|---|---|---|
| 001 | CTU_79506 | ||
| 008 | 210402s9999 xx 000 0 und d | ||
| 082 | |a 338.9 | ||
| 082 | |b R659 | ||
| 100 | |a Robinson, E. A. G. | ||
| 245 | 0 | |a Economic consequences of the size of nations | |
| 245 | 0 | |c E. A. G. Robinson | |
| 260 | |a New York | ||
| 260 | |b MacMillan & Co, Ltd. | ||
| 260 | |c 1963 | ||
| 650 | |a Economic development | ||
| 980 | |a Trung tâm Học liệu Trường Đại học Cần Thơ | ||